00849nam a2200217 i 4500001000400000100002900004245013000033260005700163300002100220500006200241600003000303655001200333700005000345040000800395041001300403942000700416008004100423999001700464856009800481952005200579bgj1 aDIEHL, Ludwigd(1880- ).10aThe Sardonic Smile /cLudwig Diehl ; being the authorized translation of Ahasuerus by Ludwig Diehl by Louise Collier Willcox. aBoston :bHoughton Mifflin Company,c1926aNew York. a299 pp ;c20 cm. aAt the head of title: The romantic life of Henrich Heine.19aHEINE Heinrich, 1797-1856 aFiction1 aWILLCOX, Louis Collierd(1865-1929).etransl. cBPK0 aenghger cKS s uk f |000 0 eng  c48708d48708 uhttp://koha.tu.koszalin.pl/cgi-bin/koha/opac-detail.pl?biblionumber=48708yKatalog online BPK 00104070aBPKbBPKckwoKA 6018p09052031yKS